Singaravelu, first communist in South India /

Saved in:
Bibliographic Details
Main Author: Murugesan, K.
Other Authors: Subramanyam, C. S. (joint author.)
Format: Book
Language:English
Published: New Delhi : People's Pub. House, 1975.
Subjects:
LEADER 01090nam a2200277 i 4500
001 c000325688
003 CARM
005 00000000000000.0
008 760826s1975 ii af b 00010beng
019 1 |a 756026  |z 27531124  |5 LACONCORD2021 
020 |c Rs35.00 
035 |a (OCoLC)2507210  |5 LACONCORD2021 
043 |a a-ii--- 
050 0 0 |a JQ298.C6  |b M87 
100 1 |a Murugesan, K. 
245 1 0 |a Singaravelu, first communist in South India /  |c K. Murugesan and C. S. Subramanyam. 
260 |a New Delhi :  |b People's Pub. House,  |c 1975. 
300 |a x, 246 p., [1] leaf of plates :  |b ill. ;  |c 22 cm. 
504 |a Includes list of books and pamphlets, written in Tamil, by M. Singaravelu. 
600 1 0 |a Singaravelu, M.,  |d 1860-1946. 
610 2 0 |a Communist Party of India  |x History. 
700 1 |a Subramanyam, C. S.,  |e joint author. 
852 8 |b CARM  |h A1:AL20B0  |i B10026  |p 0452098  |f BK 
082 0 4 |a 329.9/54 
999 f f |i 45346ac4-d4c4-5fde-b0d5-76bc8fb44afd  |s b2841033-1158-5c46-aeea-41cdb790d420 
952 f f |p Can circulate  |a CAVAL  |b CAVAL  |c CAVAL  |d CARM 1 Store  |e B10026  |f A1:AL20B0  |h Other scheme  |i book  |m 0452098